[Event "TCh-NOR Clubs 2012"]
[Site "Fagernes NOR"]
[Date "2012.06.10"]
[Round "6"]
[White "Johannessen,LE"]
[Black "Jakobsen,Alf Gjoran"]
[Result "1-0"]
[WhiteElo "2506"]
[BlackElo "1889"]

1.d4 Nf6 2.c4 e6 3.g3 d5 4.Nf3 Be7 5.Bg2 c6 6.O-O Na6 7.Nc3 O-O 8.a3 Ne8
9.c5 f5 10.b4 Nac7 11.Rb1 b5 12.Ne5 Bb7 13.a4 a6 14.f3 Nf6 15.Bf4 Nd7 16.e4 Nxe5
17.Bxe5 Bf6 18.Bd6 Be7 19.e5 Rf7 20.Rf2 Bf8 21.Ra2 f4 22.Bh3 Qe8 23.Rba1 g5
24.Qd3 Rg7 25.Kh1 fxg3 26.hxg3 h5 27.Rh2 Rd8 28.Kg2 Rdd7 29.Rah1 Rh7 30.Bg4 h4
31.gxh4 gxh4 32.Rxh4 Rxh4 33.Rxh4 Rg7 34.axb5 axb5 35.Ne2 Na6 36.Ng3 Bxd6
37.cxd6 Nxb4 38.Qd2 Na6 39.Qh6  1-0

[Event "1st Grand Europe Open"]
[Site "Golden Sands BUL"]
[Date "2012.06.10"]
[Round "7.41"]
[White "Smirnov,Arte"]
[Black "Ji Dan"]
[Result "1/2-1/2"]
[WhiteElo "2432"]
[BlackElo "2326"]

1.d4 d5 2.c4 e6 3.Nf3 Nf6 4.g3 Be7 5.Bg2 O-O 6.O-O dxc4 7.Qc2 a6 8.a4 Bd7
9.Qxc4 Bc6 10.Bf4 a5 11.Nc3 Na6 12.Rac1 Rc8 13.Rfd1 Nb4 14.Ne5 Bd5 15.Nxd5 exd5
16.Qb3 c6 17.Bh3 Ra8 18.Bd2 Bd6 19.Bg5 Re8 20.f4 Be7 21.Bxf6 Bxf6 22.Kh1 Qe7
23.Re1 Rad8 24.Bg2 Qe6 25.Bf3 g6 26.Rc5 Be7 27.Rcc1 Bd6 28.Bg4 Qe7 29.Bf3 Kg7
30.Kg2 f6 31.Ng4 Qf7 32.h4 h5 33.Nf2 Re7 34.Rcd1 Rde8 35.e4 dxe4 36.Qxf7+ Kxf7
37.Rxe4 f5 38.Rxe7+ Bxe7 39.d5 Rd8 40.dxc6 bxc6 41.Rxd8 Bxd8 42.Be2 Bb6 43.Bc4+ Kf6
44.b3 Bd4 45.Nh3 Nc2 46.Kf3 Ne3 47.Bd3 Ng4 48.Ng5 Bb6 49.Ba6 Bd4 50.Bb7 c5
51.Bd5 Ne3 52.Be6 Ke7 53.Ke2 Ng4 54.Bf7 Kf6 55.Bc4 Bf2 56.Kf3 Be1 57.Ne6 Bb4
58.Ke2 Ke7 59.Nc7 Nf6  1/2-1/2

[Event "16th Voronezh Master Open"]
[Site "Voronezh RUS"]
[Date "2012.06.12"]
[Round "1.40"]
[White "Baraeva,I"]
[Black "Antipov,M2"]
[Result "0-1"]
[WhiteElo "2169"]
[BlackElo "2433"]

1.d4 Nf6 2.c4 e6 3.g3 d5 4.Bg2 Be7 5.Nf3 O-O 6.O-O Nbd7 7.b3 b6 8.Bb2 Bb7
9.Nc3 c5 10.cxd5 exd5 11.Rc1 Rc8 12.e3 Bd6 13.Qe2 Re8 14.Rfd1 a6 15.Nh4 cxd4
16.Rxd4 Be5 17.Rdd1 Nc5 18.Nf3 Bb8 19.Qd2 Qd7 20.Qd4 Qe7 21.Qh4 Ne6 22.Nd4 Nxd4
23.Qxd4 Qc5 24.Nxd5 Qxd4 25.Rxd4 Bxd5 26.Bxd5 Be5 27.Rxc8 Rxc8 28.Bb7 Bxd4
29.Bxd4 Rc2 30.a4 Rc1+ 31.Kg2 Rb1 32.Bxb6 Rxb3 33.a5 Nd7 34.Bxa6 Nxb6 35.axb6 Rxb6
36.Bc4 Rb4 37.Bd5 g5 38.h3 Kf8 39.f4 f6 40.Kf3 Kg7 41.Bc6 Rc4 42.Bb5 Rc3
43.Bd7 h6 44.Bf5 Kf7 45.Bd7 Rd3 46.Bc8 Rd2 47.Bf5 Rb2 48.Kg4 Rf2 49.fxg5 h5+  0-1

[Event "5th Mayors Cup 2012"]
[Site "Mumbai IND"]
[Date "2012.06.13"]
[Round "9.25"]
[White "Praveen Kumar,C1"]
[Black "Kumaran,B"]
[Result "1-0"]
[WhiteElo "2342"]
[BlackElo "2002"]

1.d4 Nf6 2.c4 e6 3.g3 d5 4.Nf3 Be7 5.Bg2 O-O 6.O-O dxc4 7.Qc2 a6 8.Qxc4 b5
9.Qc2 Bb7 10.Bd2 Be4 11.Qc1 Nbd7 12.Ba5 Ra7 13.Nbd2 Bd5 14.Qc2 Qa8 15.b4 Bd6
16.Rfe1 Ne4 17.Rac1 Ndf6 18.Bh3 h6 19.Ne5 Nxd2 20.Qxd2 Ne4 21.Qc2 f5 22.Nc6 Ng5
23.Bg2 Bxg2 24.Kxg2 f4 25.h4 Nh7 26.e4 f3+ 27.Kh2 Bf4 28.gxf4 Rxf4 29.e5 Rxh4+
30.Kg3 Qf8 31.Re4 g5 32.Rxh4 gxh4+ 33.Kh2 Qf4+ 34.Kh1 Kg7 35.Rg1+ Ng5 36.Nxa7 Kh8
37.Nc6 Ne4 38.Ne7 Kh7 39.Ng6 Qf5 40.Qxc7+  1-0

[Event "16th Voronezh Master Open"]
[Site "Voronezh RUS"]
[Date "2012.06.15"]
[Round "4.18"]
[White "Baryshpolets,A"]
[Black "Prikhodko,A"]
[Result "1-0"]
[WhiteElo "2487"]
[BlackElo "2330"]

1.d4 d5 2.c4 e6 3.Nf3 Nf6 4.g3 Be7 5.Bg2 O-O 6.O-O dxc4 7.Nc3 Bd7 8.Ne5 Bc6
9.e4 Bb4 10.d5 Bd7 11.Bf4 exd5 12.Nxd5 Bd6 13.Nxf7 Rxf7 14.e5 Bxe5 15.Bxe5 Ne8
16.Re1 Nc6 17.Bc3 Bf5 18.b3 Qd7 19.bxc4 Bh3 20.Bh1 Nd6 21.Nf4 Rxf4 22.gxf4 Rf8
23.Re3 Qc8 24.Bd5+ Kh8 25.Rg3 Ne8 26.Qh5 Be6 27.Re1 Nd8 28.f5 Bf7 29.Rxe8 Rxe8
30.Bxg7+  1-0

[Event "Teplice Open 2012"]
[Site "Teplice CZE"]
[Date "2012.06.16"]
[Round "1.38"]
[White "Mukashev,A"]
[Black "Purkyt,Jaroslav"]
[Result "1-0"]
[WhiteElo "2172"]
[BlackElo "1789"]

1.d4 d5 2.Nf3 Nf6 3.c4 e6 4.g3 Be7 5.Bg2 Nbd7 6.O-O O-O 7.b3 b6 8.Ne5 Bb7
9.Nc3 c6 10.Bb2 Rc8 11.Rc1 Nxe5 12.dxe5 Ng4 13.e4 Nxe5 14.exd5 cxd5 15.Re1 Ng6
16.cxd5 exd5 17.Nxd5 Bxd5 18.Rxc8 Qxc8 19.Bxd5 Bc5 20.b4 Be7 21.a3 Rd8 22.Qf3 Bf6
23.Bxf6 gxf6 24.Bb7 Ne5 25.Qxf6  1-0

[Event "16th Voronezh Master Open"]
[Site "Voronezh RUS"]
[Date "2012.06.16"]
[Round "5.11"]
[White "Biriukov,N"]
[Black "Kovalenko,I"]
[Result "0-1"]
[WhiteElo "2420"]
[BlackElo "2560"]

1.c4 e6 2.Nf3 d5 3.g3 Nf6 4.Bg2 Be7 5.d4 O-O 6.O-O dxc4 7.Qc2 b5 8.a4 b4
9.Ne5 Qxd4 10.Nxc4 Nd5 11.e4 Nb6 12.Na5 Qc5 13.Qxc5 Bxc5 14.Bf4 Na6 15.Rd1 Re8
16.e5 Nd5 17.Nd2 Bb6 18.Nab3 Bc5 19.Ne4 Bf8 20.Be3 Nb8 21.Bc5 Nd7 22.Bd4 a5
23.Rdc1 Bb7 24.f4 Rec8 25.Nec5 Bxc5 26.Nxc5 Nxc5 27.Rxc5 c6 28.Rcc1 Rd8 29.Bc5 h6
30.Rd1 f5 31.Rac1 Kf7 32.Kf2 Rac8 33.Bf3 g6 34.Rd2 Ke8 35.Rd4 Kd7 36.Rd2 g5
37.Rd4 g4 38.Bg2 h5 39.Rd2 Rh8 40.Rdd1 h4 41.Rd2 Ba6 42.Kg1 Rh6 43.Kf2 Kc7
44.Kg1 Kb7 45.Kf2 Rh7 46.Kg1 h3 47.Bh1 Rd7 48.Bd6 Rcd8 49.Kf2 Kb6 50.Bc5+ Kc7
51.Bxd5 Rxd5 52.Bd6+ R8xd6 53.exd6+ Kxd6 54.Rdc2 c5 55.b3 Bd3 56.Rd2 Be4
57.Ke3 Rxd2 58.Kxd2 Bd5 59.Kc2 e5 60.Rf1 exf4 61.Rxf4 Ke5 62.Kb2 Be4 63.Rf1 Kd4
64.Rf2 Bf3 65.Rc2 Ke3 66.Rxc5 f4 67.gxf4 g3 68.hxg3 h2 69.Rc1 h1=Q  0-1

[Event "3rd Forni di Sopra Open"]
[Site "Forni di Sopra ITA"]
[Date "2012.06.17"]
[Round "2"]
[White "Romanishin,O"]
[Black "Tonon,A"]
[Result "1-0"]
[WhiteElo "2511"]
[BlackElo "2275"]

1.Nf3 d5 2.d4 Nf6 3.c4 e6 4.g3 Be7 5.Bg2 O-O 6.O-O dxc4 7.Qc2 a6 8.a4 Nc6
9.Qxc4 Qd5 10.Qxd5 exd5 11.Bf4 Bg4 12.Rd1 Rac8 13.Ne5 Be6 14.Nxc6 bxc6 15.Rc1 Bd7
16.Nc3 Nh5 17.Be5 f6 18.Bxc7 Be8 19.Bb6 Bd7 20.a5 f5 21.Na4 Rfe8 22.Bc5 Rb8
23.Nb6 Bc8  1-0

[Event "Teplice Open 2012"]
[Site "Teplice CZE"]
[Date "2012.06.17"]
[Round "2.8"]
[White "Cernousek,L"]
[Black "Mikes,J"]
[Result "1-0"]
[WhiteElo "2440"]
[BlackElo "2116"]

1.d4 Nf6 2.c4 e6 3.g3 d5 4.Nf3 Be7 5.Bg2 O-O 6.O-O Nbd7 7.Qc2 c5 8.Rd1 cxd4
9.Nxd4 dxc4 10.Qxc4 a6 11.Nc3 Qb6 12.Be3 Qxb2 13.a3 Ne5 14.Qc7 Bd8 15.Qxe5 Qxc3
16.Rac1 Qb2 17.Rb1 Qa2 18.Qd6 h6 19.Nc6 bxc6 20.Bxc6 Nd5 21.Bxa8 Nxe3 22.fxe3 Qxe2
23.Qd3 Qxd3 24.Rxd3 e5 25.Bd5 Kh7 26.Rb8 Bc7 27.Rxc8 Rxc8 28.Rc3  1-0

[Event "Teplice Open 2012"]
[Site "Teplice CZE"]
[Date "2012.06.20"]
[Round "5.12"]
[White "Mukashev,A"]
[Black "Kantorik,M"]
[Result "1/2-1/2"]
[WhiteElo "2172"]
[BlackElo "2305"]

1.d4 d5 2.Nf3 Nf6 3.c4 e6 4.g3 Be7 5.Bg2 O-O 6.O-O b6 7.Ne5 Bb7 8.Nc3 Qc8
9.cxd5 Nxd5 10.Nxd5 Bxd5 11.e4 Bb7 12.Qc2 f6 13.Nd3 Na6 14.Be3 Bd6 15.Rac1 e5
16.b4 Kh8 17.b5 Nb8 18.f4 Nd7 19.Qc3 exd4 20.Bxd4 a6 21.e5 Bxg2 22.Kxg2 Be7
23.Qxc7 axb5 24.e6 Rxa2+ 25.Rf2 Qa8+ 26.Kg1 Ra7 27.Qc6 Nc5 28.Qxa8 Raxa8
29.Nxc5 bxc5 30.Bxc5 Rfc8 31.Rfc2 Bxc5+ 32.Rxc5 Rxc5 33.Rxc5 Rb8 34.Rd5 Kg8
35.e7 Re8 36.Rxb5 Rxe7 37.Kf2  1/2-1/2

[Event "TCh-POR Div 1 Final"]
[Site "Matosinhos POR"]
[Date "2012.06.23"]
[Round "3.4.2"]
[White "Galego,L"]
[Black "Hoffmann,Micha1"]
[Result "1/2-1/2"]
[WhiteElo "2495"]
[BlackElo "2482"]

1.d4 Nf6 2.Nf3 e6 3.g3 d5 4.Bg2 Be7 5.c4 O-O 6.O-O c6 7.Nbd2 b6 8.Qc2 Bb7
9.b3 Nbd7 10.Bb2 c5 11.dxc5 Bxc5 12.Rad1 Rc8 13.Qb1 Qe7 14.Qa1 Rfd8 15.cxd5 Bxd5
16.e3 Ba3 17.Bd4 Bc5 18.Bb2 Ba3 19.Bd4 Bc5  1/2-1/2

[Event "TCh-POR Div 1 Final"]
[Site "Matosinhos POR"]
[Date "2012.06.24"]
[Round "4.5.2"]
[White "Ftacnik,L"]
[Black "Dias,P"]
[Result "1/2-1/2"]
[WhiteElo "2516"]
[BlackElo "2440"]

1.Nf3 Nf6 2.c4 e6 3.g3 d5 4.d4 Be7 5.Bg2 O-O 6.O-O c5 7.cxd5 exd5 8.dxc5 Bxc5
9.Nc3 Nc6 10.Bg5 d4 11.Bxf6 Qxf6 12.Nd5 Qd8 13.Nd2 Re8 14.Rc1 Bb6 15.Nc4 Bg4
16.Re1 Ba5 17.Nxa5 Qxa5 18.b4 Nxb4 19.Qxd4 Nxd5 20.Qxg4 Rad8 21.Qc4 g6 22.Qb3 Nb4
23.Kf1 Nxa2 24.Ra1 Rd2 25.Qxb7 Qb6 26.Qxb6 axb6 27.Rab1 Rexe2 28.Rxe2 Rxe2
29.Rxb6  1/2-1/2

[Event "20th Montcada Open"]
[Site "Montcada i Reixac ESP"]
[Date "2012.06.25"]
[Round "1.12"]
[White "Sos Andreu,E"]
[Black "Cruz,Cr"]
[Result "0-1"]
[WhiteElo "2140"]
[BlackElo "2507"]

1.d4 e6 2.c4 Nf6 3.g3 d5 4.Nf3 Be7 5.Bg2 O-O 6.O-O dxc4 7.Qc2 a6 8.Qxc4 b5
9.Qc2 Bb7 10.Bd2 Be4 11.Qc1 Qc8 12.Be3 Nbd7 13.Nbd2 Bd5 14.Nb3 a5 15.Rd1 Rd8
16.Rd2 a4 17.Nc5 Nxc5 18.dxc5 c6 19.Rd1 Qc7 20.Bd4 Nd7 21.Qc2 e5 22.Be3 h6
23.Nd2 Nf8 24.Ne4 Ne6 25.Bh3 b4 26.Nd6 Bxa2 27.Rxa2 b3 28.Qf5 Bxd6 29.Raa1 Bxc5
30.Rxd8+ Rxd8 31.Rxa4 Bxe3 32.fxe3 Qd6 33.Ra1 Qc5 34.Qf2 Nf8 35.Rf1 f6 36.Bf5 Rd2
37.Rb1 Rxb2 38.Rd1 Rd2  0-1

[Event "20th Montcada Open"]
[Site "Montcada i Reixac ESP"]
[Date "2012.06.26"]
[Round "2.6"]
[White "Cordova,E"]
[Black "Colon Garcia,E"]
[Result "1-0"]
[WhiteElo "2566"]
[BlackElo "2365"]

1.d4 Nf6 2.c4 e6 3.g3 d5 4.Bg2 Be7 5.Nf3 O-O 6.O-O dxc4 7.Na3 Bxa3 8.bxa3 Bd7
9.Ne5 Bc6 10.Nxc6 Nxc6 11.e3 Nd5 12.Qc2 Nb6 13.Rb1 Qd6 14.Rb5 Rab8 15.Bb2 Ne7
16.a4 Qd7 17.Ba3 Rfe8 18.Rfb1 c6 19.Rc5 f5 20.a5 Nbd5 21.Rxc4 a6 22.Bc5 Nc8
23.Qc1 Nd6 24.Rc2 Ne4 25.Ba3 Qd8 26.Qe1 Qd7 27.Rb3 Red8 28.Rcb2 Qf7 29.Qb1 Nec3
30.Qc2 Nb5 31.Bc5 Rd7 32.a4 Nd6 33.Ba3 h6 34.Bf1 Ne4 35.Bxa6 Ra8 36.Bxb7 Rxa5
37.Bxc6 Rc7 38.Rb7 Rxb7 39.Rxb7 Qg6 40.Bxd5  1-0

[Event "65th ch-RUS HL"]
[Site "Tyumen RUS"]
[Date "2012.06.26"]
[Round "10"]
[White "Yevseev,D"]
[Black "Petrov,Ar"]
[Result "1-0"]
[WhiteElo "2529"]
[BlackElo "2414"]

1.Nf3 Nf6 2.c4 e6 3.g3 d5 4.Bg2 Be7 5.d4 O-O 6.Qc2 dxc4 7.Nbd2 a6 8.Nxc4 Nc6
9.e3 Nb4 10.Qe2 c5 11.a3 Nbd5 12.dxc5 Bxc5 13.b4 Be7 14.Bb2 Bd7 15.O-O Bb5
16.Nd4 Bxc4 17.Qxc4 a5 18.e4 axb4 19.exd5 bxa3 20.Bc1 Nxd5 21.Nb5 Qd7 22.Bxa3 Rfc8
23.Qe2 Bf6 24.Bb2 Rxa1 25.Rxa1 Bxb2 26.Qxb2 h6 27.Rd1 Qe7 28.Bxd5 exd5 29.Nd4 Rd8
30.Nf5 Qg5 31.Ne3 h5 32.h4  1-0

[Event "Mukachevo Summer Open"]
[Site "Mukachevo UKR"]
[Date "2012.06.28"]
[Round "5.6"]
[White "Vorontsov,P"]
[Black "Grinev,V"]
[Result "0-1"]
[WhiteElo "2150"]
[BlackElo "2395"]

1.Nf3 d5 2.d4 Nf6 3.c4 e6 4.g3 Be7 5.Bg2 O-O 6.O-O dxc4 7.Qc2 a6 8.a4 Bd7
9.Qxc4 Bc6 10.Bg5 Bd5 11.Qc1 c5 12.dxc5 Nbd7 13.Rd1 Nxc5 14.Bxf6 gxf6 15.Qe3 Qb6
16.Nc3 Bc6 17.a5 Qa7 18.Nd4 Bxg2 19.Kxg2 Rfe8 20.Qf3 Rad8 21.Rd2 Nd7 22.Rad1 Ne5
23.Qf4 Qb8 24.Nf3 Nxf3 25.Qxf3 Rxd2 26.Rxd2 Rd8 27.Rxd8+ Bxd8 28.Qg4+ Kf8
29.Qd4 Qc7 30.Ne4 Kg7 31.b4 Be7 32.g4 h6 33.Ng3 Qd6 34.Nh5+ Kf8 35.Qe3 Qxb4
36.Qxh6+ Ke8 37.f3 Qe1 38.Ng7+ Kd7 39.Qe3 Qxa5 40.h4 Qe5 41.Qd3+ Bd6 42.h5 f5
43.h6 Qh2+ 44.Kf1 Qxh6 45.Nh5 fxg4 46.fxg4 Qc1+ 47.Kg2 Qg5 48.Qf3 f5 49.Qxb7+ Bc7
50.Kf1 fxg4  0-1

[Event "ch-Pan Americano U20 2012"]
[Site "Sao Paulo BRA"]
[Date "2012.06.30"]
[Round "2.8"]
[White "Leiva,G"]
[Black "Maranhao,Jose Renato Ruiz"]
[Result "1-0"]
[WhiteElo "2223"]
[BlackElo "2073"]

1.d4 Nf6 2.Nf3 d5 3.c4 e6 4.g3 Be7 5.Bg2 O-O 6.O-O dxc4 7.Qc2 a6 8.Qxc4 b5
9.Qc2 Bb7 10.Bd2 Be4 11.Qc1 Nc6 12.Be3 Nb4 13.Nbd2 Bb7 14.Nb3 Ne4 15.a3 Nd5
16.Na5 Rb8 17.Ne5 Nd6 18.Nec6 Qd7 19.Nxb8 Rxb8 20.Nxb7 Rxb7 21.Bd2 Bf6 22.e4  1-0

[Event "XXI Adolf Anderssen Mem Prelim"]
[Site "Wroclaw POL"]
[Date "2012.06.30"]
[Round "9"]
[White "Grabarczyk,M"]
[Black "Vysochin,S"]
[Result "0-1"]
[WhiteElo "2445"]
[BlackElo "2550"]

1.d4 d5 2.c4 e6 3.Nf3 Nf6 4.g3 Be7 5.Bg2 O-O 6.O-O dxc4 7.Qc2 b5 8.a4 b4
9.Qxc4 Ba6 10.Qc2 Nbd7 11.Bg5 c5 12.Ne5 Nxe5 13.Bxf6 Bxf6 14.dxe5 Bxe5 15.Bxa8 Qxa8
16.Nd2 c4 17.Rac1 Rc8 18.Rfd1 h5 19.Nf3 Bf6 20.Qd2 c3 21.bxc3 bxc3 22.Qe3 Qc6
23.a5 Qb5 24.Nd4 Qxa5 25.Ra1 Qb6 26.Nc2 Qxe3 27.Nxe3 c2 28.Nxc2 Bxe2 29.Rd2 Bxa1
30.Rxe2 Bf6 31.Ne3 Bd4 32.Ra2 Bxe3 33.fxe3 Rc7 34.Kf2 g6 35.Kf3 Kg7 36.h4 Kf6
37.g4 Rd7 38.gxh5 gxh5  0-1

[Event "40th TCh-GRE 2012"]
[Site "Achaea GRE"]
[Date "2012.07.01"]
[Round "3.16"]
[White "Megalios,K"]
[Black "Lazaridis,H"]
[Result "1/2-1/2"]
[WhiteElo "2073"]
[BlackElo "2141"]

1.d4 d5 2.c4 e6 3.Nf3 Nf6 4.g3 Be7 5.Bg2 O-O 6.Qc2 dxc4 7.Qxc4 Nbd7 8.O-O Bd6
9.Rd1 Qe7 10.Nc3 c6 11.Bg5 h6 12.Bxf6 Nxf6 13.Ne5 a6 14.Nd3 e5 15.dxe5 Bxe5
16.Nxe5 Qxe5 17.Qb4 Qc7 18.Rd2 Be6 19.Rad1 Rac8 20.b3 Rfd8 21.Ne4 Nd5 22.Qd4 b6
23.Nc3 Nxc3 24.Qxc3 Rxd2 25.Rxd2 c5 26.Bd5 Bxd5 27.Rxd5 Rd8 28.e4 Re8 29.Qd3 Qd7
30.Qxa6  1/2-1/2

[Event "9th Philadelphia International"]
[Site "Philadelphia USA"]
[Date "2012.07.02"]
[Round "7"]
[White "Perez,Rob"]
[Black "Kelley,D"]
[Result "1-0"]
[WhiteElo "2314"]
[BlackElo "2242"]

1.Nf3 d5 2.d4 Nf6 3.c4 e6 4.g3 Be7 5.Bg2 O-O 6.O-O dxc4 7.Ne5 Nc6 8.Bxc6 bxc6
9.Nxc6 Qd6 10.Nxe7+ Qxe7 11.Qa4 c5 12.Qa3 Bb7 13.Bg5 Qd7 14.Bxf6 Qc6 15.d5 Qxd5
16.e4 Qxe4 17.f3 Qe2 18.Bg5 f6 19.Nc3 Qe5 20.Bf4 Qd4+ 21.Kg2  1-0

[Event "ch-Pan Americano U20 2012"]
[Site "Sao Paulo BRA"]
[Date "2012.07.02"]
[Round "6.19"]
[White "Lopes Junior,Roberto Juliano"]
[Black "Maranhao,Jose Renato Ruiz"]
[Result "1-0"]
[WhiteElo "1874"]
[BlackElo "2073"]

1.d4 Nf6 2.Nf3 d5 3.g3 e6 4.Bg2 Be7 5.c4 O-O 6.O-O dxc4 7.Qc2 a6 8.Qxc4 b5
9.Qc2 Bb7 10.Bd2 Be4 11.Qc1 Nbd7 12.Bf4 Rc8 13.Nbd2 Ba8 14.Nb3 c5 15.dxc5 Nxc5
16.Qd2 Qxd2 17.Nbxd2 Nd5 18.Be5 f6 19.Bd4 e5 20.Bxc5 Rxc5 21.Bh3 Rc2 22.Rab1 Bb4
23.Rfc1 Rxc1+ 24.Rxc1 Rd8 25.Rc8 Rxc8 26.Bxc8 Nb6 27.Be6+ Kf8 28.a3 Bd6 29.b4 Ke7
30.Bg8 h6 31.Nh4 Kd7 32.Nf5 Bf8 33.Ne3 Bc6 34.h4 g5 35.h5 Kd6 36.Nf5+ Kc7
37.Ne3 Be7 38.Nb3 Be8 39.g4 Bd7 40.f3 Kc6 41.Na5+ Kc7 42.Nb3 Bc8 43.Kf2 Kd6
44.Ke1 Kc7 45.Kd2 Kd8 46.Kd3 Ke8 47.Na5 Kf8 48.Bb3 Bd8 49.Ke4 Na4 50.Bxa4 bxa4
51.Kd5 Kf7 52.Nf5 Be6+ 53.Kc6 Bxa5 54.bxa5 Kf8 55.Ne3 Ke7 56.Kb7 Kd6 57.Kb6 Bb3
58.Nf5+ Ke6 59.Nxh6 Bd1 60.Nf5 Kf7 61.Ng3 e4 62.fxe4 Bb3 63.Kxa6 Be6 64.Kb7  1-0

[Event "1st ITT LXSBC 2012"]
[Site "Sao Bernardo do Campo BRA"]
[Date "2012.07.03"]
[Round "1.1"]
[White "Maia,L"]
[Black "Barreto Filho,C"]
[Result "1-0"]
[WhiteElo "2279"]
[BlackElo "2325"]

1.d4 Nf6 2.Nf3 e6 3.c4 d5 4.g3 Be7 5.Bg2 O-O 6.O-O dxc4 7.Qa4 Bd7 8.Qxc4 Bc6
9.Nc3 Nbd7 10.Qd3 a5 11.Rd1 Bxf3 12.Qxf3 c6 13.e4 Nb6 14.Qe2 Re8 15.Be3 a4
16.a3 Nbd7 17.g4 h6 18.f4 Qa5 19.Bf3 Nh7 20.Kh1 Rad8 21.Qf2 c5 22.e5 cxd4
23.Rxd4 Nc5 24.Rad1 Rxd4 25.Rxd4 Nf8 26.Qe2 Ng6 27.Qb5 Qxb5 28.Nxb5 f6 29.exf6 Bxf6
30.Rd6 Nh4 31.Bd1 Ne4 32.Rd7 Bxb2 33.Bxa4 Rc8 34.Bb3 Nc5 35.Na7 Nxd7 36.Bxe6+ Kh8
37.Nxc8 Nf8 38.Bd5 Bxa3 39.Bxb7 Nhg6 40.Kg2 Nd7 41.Kf3 Ne7 42.Nxe7 Bxe7 43.Bd5 g6
44.Be6 Nf8 45.Bd4+ Kh7 46.Ba2 Nd7 47.Ke4 Nf6+ 48.Ke5 Nxg4+ 49.Ke6 Ba3 50.h3 Nh2
51.Kf7 Nf3 52.Bf6 Nd2 53.Bd5 Bb4 54.h4 h5 55.f5 gxf5 56.Be6  1-0

[Event "Perla Baltyku Open 2012"]
[Site "Lazy POL"]
[Date "2012.07.05"]
[Round "6.18"]
[White "Korbal,A"]
[Black "Kumala,A"]
[Result "1/2-1/2"]
[WhiteElo "2127"]
[BlackElo "1969"]

1.d4 Nf6 2.c4 e6 3.Nf3 d5 4.g3 Be7 5.Bg2 O-O 6.O-O c5 7.cxd5 exd5 8.Nc3 Nc6
9.Bg5 cxd4 10.Nxd4 h6 11.Be3 Re8 12.Rc1 a6 13.Nxc6 bxc6 14.Na4 Bd7 15.Bc5 Bxc5
16.Nxc5 Qc8 17.Re1 Bh3 18.Bf3 Rb8 19.Qd4 a5 20.Nd3 Ne4 21.a3 Nd2 22.Qc3 Nxf3+
23.exf3 Qf5 24.Nf4 Rxe1+ 25.Rxe1 a4 26.Qxc6 Rxb2 27.Nxh3 Qxh3 28.Qxd5 Qc8
29.Qe4 Qc5 30.Qe3 Qxe3 31.Rxe3 Ra2 32.g4 g5 33.Kg2 Kg7 34.Kg3 Kg6 35.h3 h5
36.h4 gxh4+ 37.Kxh4 hxg4 38.fxg4 Rxf2 39.Re4 f5 40.Rxa4 fxg4 41.Kxg4 Ra2  1/2-1/2

[Event "2nd Polugaevsky Mem"]
[Site "Samara RUS"]
[Date "2012.07.05"]
[Round "1.46"]
[White "Korchmar,V"]
[Black "Bogolepov,Grigory"]
[Result "1-0"]
[WhiteElo "2236"]
[BlackElo "1614"]

1.d4 d5 2.c4 e6 3.Nf3 Be7 4.g3 Nf6 5.Bg2 b6 6.O-O Bb7 7.Ne5 O-O 8.Qa4 c5
9.dxc5 bxc5 10.Nc3 Qc7 11.Bf4 Qb6 12.Qb5 Qxb5 13.Nxb5 Na6 14.Rfd1 Rfd8 15.Nc3 h6
16.h4 Rac8 17.g4 Nc7 18.Bf3 Nfe8 19.g5 hxg5 20.hxg5 Ba8 21.Kg2 d4 22.Ne4 f6
23.Ng6 Kf7 24.Nh8+ Kg8 25.Ng6 Kf7 26.Nxe7 Kxe7 27.Nxc5 e5 28.Bd2 Nd6 29.Bxa8 Nxa8
30.Bb4 fxg5 31.Nb7 Rd7 32.Nxd6 Rxd6 33.b3 Nc7 34.e3 Ne6 35.exd4 exd4 36.Re1 Kd7
37.Bxd6 Kxd6 38.Rad1 Nf4+ 39.Kf3 Ne6 40.Re4 Rf8+ 41.Kg3 a5 42.Rdxd4+ Nxd4
43.Rxd4+ Kc6 44.Rd5 a4 45.Rxg5 axb3 46.axb3 Rb8 47.Rxg7 Rxb3+ 48.f3 Rb4 49.Rg4 Kc5
50.Re4 Rb3 51.Kg4 Rb8 52.f4 Rg8+ 53.Kf5 Rf8+ 54.Kg6 Rg8+ 55.Kf6 Rf8+ 56.Kg7 Ra8
57.f5 Ra7+ 58.Kg6 Ra6+ 59.f6 Ra1 60.f7 Rg1+ 61.Kf5 Rf1+ 62.Rf4 Rxf4+ 63.Kxf4 Kxc4
64.f8=Q Kd5 65.Qe7 Kc4  1-0

[Event "86th ch-ARG 2012"]
[Site "La Plata ARG"]
[Date "2012.07.07"]
[Round "5.3"]
[White "Mareco,S"]
[Black "Julia,E"]
[Result "1-0"]
[WhiteElo "2586"]
[BlackElo "2359"]

1.d4 Nf6 2.c4 e6 3.g3 d5 4.Nf3 Be7 5.Bg2 O-O 6.O-O dxc4 7.Qc2 a6 8.Qxc4 b5
9.Qc2 Bb7 10.Bd2 Be4 11.Qc1 Nbd7 12.Ba5 Ra7 13.Qe3 Qb8 14.Rc1 Rc8 15.Nbd2 Bd5
16.b4 Bd6 17.Bh3 Nb6 18.Ne5 Bxe5 19.dxe5 Nfd7 20.Bg2 Bxg2 21.Bxb6 cxb6 22.Kxg2 Rac7
23.Rxc7 Qxc7 24.f4 Qc6+ 25.Kf2 Qd5 26.Nf3 h6 27.a3 Rc4 28.Ra2 Qc6 29.Rd2 Rc3
30.Qd4 Nf8 31.Qd8 Qe4 32.Qxb6 Rxa3 33.Rd8 Qxb4 34.Qd6 Qxd6 35.exd6  1-0

[Event "2nd Polugaevsky Mem"]
[Site "Samara RUS"]
[Date "2012.07.07"]
[Round "3.17"]
[White "Mirzaev,A2"]
[Black "Kovalenko,I"]
[Result "0-1"]
[WhiteElo "2154"]
[BlackElo "2556"]

1.d4 Nf6 2.c4 e6 3.g3 d5 4.Bg2 Be7 5.Nf3 O-O 6.O-O Nbd7 7.Nc3 c6 8.Qd3 a5
9.e4 b6 10.b3 Ba6 11.e5 Ne8 12.Rd1 b5 13.cxb5 cxb5 14.Nxb5 Nc7 15.a4 Rb8
16.Ba3 Bxa3 17.Rxa3 Qe7 18.Rda1 Qb4 19.Qe3 Nxb5 20.axb5 Bxb5 21.Rxa5 Rfc8
22.Ra7 h6 23.Rc1 Rxc1+ 24.Qxc1 Qxb3 25.Ra3 Qb4 26.Rc3 Nb6 27.Bf1 Bxf1 28.Kxf1 Nc4
29.Nd2 Rc8 30.Kg1 Qb6 31.Nf3 Ra8 32.h4 Ra2 33.Rc2 Ra4 34.Rc3 Qb4 35.Qc2 Ra1+
36.Kg2 Qb5 37.Kh2 Rb1 38.Qd3 Qb4 39.Kg2 Rb2 40.h5 Qa4 41.Ne1 Qa1 42.Nc2 Qa2
43.Kg1 Qa5 44.Kg2 Qd8 45.Qd1 Qg5 46.Qa1 Rb8 47.Qd1 Rb2 48.Qa1 Rb6 49.Qd1 Rc6
50.Nb4 Rc8 51.Nc2 Qf5 52.Qe2 Rb8 53.Ne1 Rb1 54.Nd3 Qg5 55.Nf4 Qd8 56.Qd3 Qb6
57.Rc2 Rb3 58.Qd1 Qa7 59.Rc1 Rb2 60.Ra1 Qb8 61.Qd3 Rd2 62.Qc3 Kh7 63.Ra4 Qb1
64.Ra7 Qe4+ 65.Kh3 Qh1+ 66.Kg4 Qd1+ 67.Kh3 Rxd4 68.Kg2 Nxe5 69.Ra1 Qd2 70.Qb3 Re4
71.Qa3 Rxf4 72.gxf4 Qxf4 73.Qg3 Qe4+ 74.f3 Qc2+ 75.Kh1 Qf5 76.Rf1 Qxh5+ 77.Kg2 Qf5  0-1

[Event "4th Rethymno Open"]
[Site "Rethymno GRE"]
[Date "2012.07.08"]
[Round "3.4"]
[White "Colovic,A"]
[Black "David,Alb"]
[Result "1/2-1/2"]
[WhiteElo "2435"]
[BlackElo "2605"]

1.d4 Nf6 2.c4 e6 3.g3 d5 4.Bg2 Be7 5.Nf3 O-O 6.O-O dxc4 7.Qa4 Qd5 8.Nc3 Qc6
9.Qa5 Qb6 10.Qa4 Qc6 11.Qa5 Qb6 12.Qa4 Qc6  1/2-1/2

[Event "ch-NOR 2012"]
[Site "Sandefjord NOR"]
[Date "2012.07.08"]
[Round "2.8"]
[White "Forsaa,E"]
[Black "Kvisvik,B"]
[Result "0-1"]
[WhiteElo "2307"]
[BlackElo "2342"]

1.d4 Nf6 2.c4 e6 3.Nf3 d5 4.g3 Be7 5.Bg2 O-O 6.O-O dxc4 7.Qc2 a6 8.Qxc4 b5
9.Qc2 Bb7 10.Bd2 Ra7 11.Rd1 Nbd7 12.Ba5 Be4 13.Qc1 Qa8 14.Nbd2 Bd5 15.b4 Nb8
16.Qc2 Nc6 17.e4 Nxe4 18.Nxe4 Nxb4 19.Qe2 Bxe4 20.a3 Nc2 21.d5 exd5 22.Ra2 Nxa3
23.Nd4 Nc4 24.f3 c5 25.fxe4 cxd4 26.exd5 Nxa5 27.d6 Qd8 28.dxe7 Rxe7 29.Qg4 Rfe8
30.Rad2 Nc4 31.Rxd4 Qb6 32.Qf4  0-1

[Event "46th Ilmar Raua Memorial"]
[Site "Vaksali EST"]
[Date "2012.07.08"]
[Round "6"]
[White "Kulaots,K"]
[Black "Lauk,U"]
[Result "1-0"]
[WhiteElo "2570"]
[BlackElo "2397"]

1.d4 Nf6 2.Nf3 d5 3.c4 e6 4.g3 Be7 5.Bg2 O-O 6.O-O b6 7.Nc3 Bb7 8.Ne5 c6
9.e4 Nbd7 10.Nxc6 Bxc6 11.exd5 exd5 12.cxd5 Bb7 13.d6 Bxg2 14.dxe7 Qxe7 15.Kxg2 Qb4
16.Rb1 Rfe8 17.Be3 Ne4 18.Qb3 Qxb3 19.axb3 Ndf6 20.Rfe1 Rad8 21.f3 Nd6 22.g4 h6
23.Ra1 Rd7 24.Bf4 Rxe1 25.Rxe1 Nc8 26.d5 Kf8 27.Rc1 Nd6 28.Be5 Nfe8 29.Kf2 Nb7
30.b4 f6 31.Bf4 Nc7 32.Ra1 Nxd5 33.Rd1 g5 34.Bc1  1-0

[Event "Int Open ch-SVK 2012"]
[Site "Banska Stiavnica SVK"]
[Date "2012.07.09"]
[Round "3.18"]
[White "Biolek,R1"]
[Black "Navratil,Ji1"]
[Result "1-0"]
[WhiteElo "2404"]
[BlackElo "2127"]

1.d4 d5 2.c4 e6 3.g3 Nf6 4.Bg2 Be7 5.Nf3 Nbd7 6.O-O O-O 7.Qc2 c6 8.Rd1 Ne4
9.Ne1 f5 10.Nd3 Bf6 11.Be3 Qe7 12.Nd2 g5 13.Nf3 Qg7 14.Qb3 g4 15.Nfe5 Nxe5
16.dxe5 Bxe5 17.Nxe5 Qxe5 18.f3 dxc4 19.Qa3 Nf6 20.Bc5 Bd7 21.f4 Qxe2 22.Bf1 Qf3
23.Bxf8 Rxf8 24.Qxf3 gxf3 25.Bxc4 Nd5 26.Kf2 Be8 27.Re1 Kf7 28.Kxf3 Ke7 29.Bxd5 cxd5
30.Ke3 Kd6 31.Kd4 a5 32.b3 h5 33.Rac1 Bc6 34.Rc5 Ra8 35.Rec1 Ra6 36.a3 Ra8
37.R5c3 Ra6 38.Ra1 Ra8 39.Rcc1 Bb5 40.Rc5 Bd7 41.Rac1 Bc6 42.Rg1 Bd7 43.Rgc1 Bc6
44.Rb1 Ra6 45.Rc2 Ra8 46.Ra1 Bb5 47.Rc5 Bd7 48.Re1 a4 49.b4 b6 50.Rc3 Bb5
51.Rce3 Re8 52.Re5 Bd7 53.R5e3 Bb5 54.h3 Re7 55.Rc1 Re8 56.Rce1 Re7 57.Re5 Bd7
58.Rc1 Rg7 59.Re3 Rg8 60.Rg1 Bb5 61.Rc3 Bc4 62.Re1 b5 63.Rce3 Rg6 64.Rg1 Rf6
65.Re5 Rf8 66.Rge1 Rf6 67.Rg1 Rf8 68.Ke3 Rh8 69.Rd1 Bb3 70.Rc1 Bc4 71.Rd1 Bb3
72.Re1 Bc4 73.Kd4 Rh6 74.R5e3 Rf6 75.Rg1 Rf8 76.Rc3 Rf6 77.Rc2 Rf8 78.Rcc1 Rf6
79.Rcd1 Rf8 80.Rd2 Rf6 81.Ke3 Rh6 82.Kf3 Rf6 83.Re1 Rg6 84.Rd4 Rg8 85.Rg1 Rf8
86.Ke3 Rh8 87.Rd2 Rh6 88.Rdg2 Rf6 89.Kd4 Rf8 90.Rf2 Rf6 91.Rb2 Rf8 92.Rbb1 Rf6
93.Ra1 Rf8 94.Rac1 Rf6 95.Ra1 Rf8 96.Rab1 Rf6 97.Rbc1 Rf8 98.Rcd1 Bb3 99.Rd3 Bc4
100.Rc3 Rf6 101.Rc2 Rf8 102.Rh2 Rf6 103.Rb2 Rf8 104.Rh2 Rf6 105.Ke3 Rf8 106.g4 fxg4
107.hxg4 hxg4 108.Rxg4 Bb3 109.Rh7 Rc8 110.Rgg7 Rc3+ 111.Kd2 Rf3 112.Rd7+ Kc6
113.Rc7+ Kb6 114.Rb7+ Ka6 115.Rbd7  1-0